top 15 seriali według filmweb - Statystyki

Ogólne statystyki
  • Ten quiz został rozwiązany 643 razy
  • Średni wynik to 4 z 15
Statystyki odpowiedzi
Hint Odpowiedź % Poprawnych
2 Gra o tron
78%
4 Breaking Bad
73%
11 Dom z papieru
54%
1 Czarnobyl
40%
9 Narcos
32%
8 Peaky Blinders
27%
7 Sherlock
22%
5 Rick i Morty
21%
3 Nasza planeta
16%
6 Kompania braci
15%
10 Detektyw
12%
13 BoJack Horseman
11%
14 Miasteczko Twin Peaks
6%
15 Dragon Ball Z
5%
12 Hause of Cards
2%
Nie znaleziono quizów pasujących do podanych kryteriów
Rozkład punktacji
Procent ludzi z każdym wynikiem
Percentyl według liczby udzielonych odpowiedzi
Twoja historia wyników
Nie rozwiązałeś tego quizu